|
|
|
|
| LEADER |
00939nas a2200265 i 4500 |
| 003 |
GR-PaULI |
| 008 |
751101d19589999nyuqx p 0 b0eng d |
| 022 |
0 |
|
|a 0018-4977
|l 0018-4977
|2 1
|
| 040 |
|
|
|a GR-PaULI
|b gre
|c GR-PaULI
|e AACR2
|
| 082 |
|
4 |
|a 051
|2 23
|
| 210 |
0 |
|
|a Horizon
|b (N.Y.N.Y.)
|
| 222 |
|
0 |
|a Horizon
|b (New York, N.Y.)
|
| 245 |
0 |
0 |
|a Horizon.
|
| 260 |
|
|
|a New York:
|b American Heritage Publishing Co. ,
|
| 300 |
|
|
|a v. ;
|c 32 εκ.
|
| 310 |
|
|
|a Τριμηνιαίο
|
| 321 |
|
|
|a Bimonthly,
|b 1958-63
|
| 362 |
|
|
|a Αρχισε το 1958
|
| 588 |
|
|
|a Η περιγραφή βασίζεται σε : Vol. 11 (1969)
|
| 650 |
|
0 |
|a Τέχνη
|x Περιοδικά
|9 181291
|
| 866 |
|
|
|a Vol. 4 (1961)- vol. 11 (1969)
|
| 942 |
|
|
|2 ddc
|c JNL
|
| 952 |
|
|
|0 0
|1 0
|2 ddc
|4 0
|6 051_000000000000000
|7 1
|9 208344
|a LISP
|b LISP
|c SER
|d 2016-12-20
|i 2840
|l 0
|o 051
|r 2016-12-20 00:00:00
|w 2016-12-20
|y JNL
|
| 998 |
|
|
|c ΙΩΑΝΝΟΥ
|d 2016-12
|
| 999 |
|
|
|c 126688
|d 126688
|